C3(東海環状道)のIC - Statistics

General Stats
  • This quiz has been taken 84 times
    34 since last reset
  • The average score is 20 of 28
Answer Stats
東海環状道 % Correct
JCT 豊田東
95%
IC 岐阜
89%
JCT 養老
89%
IC 養老
89%
JCT 土岐
84%
IC 可児御嵩
84%
IC/SA 美濃加茂
84%
IC/PA せと赤津
79%
JCT 美濃関
79%
IC 大野神戸
79%
IC いなべ
79%
IC 東員
79%
JCT 新四日市
79%
PA/SIC 鞍ヶ池
74%
IC せと品野
74%
IC 山県
74%
IC 土岐南多治見
68%
IC 富加関
68%
IC 大垣西
68%
IC 大安
68%
IC 本巣
63%
PA 本巣
63%
IC 豊田勘八
58%
IC 関広見
58%
IC 豊田松平
53%
IC 豊田藤岡
53%
PA/SIC 岐阜三輪
53%
PA/SIC 五斗蒔
47%
No matching quizzes found
Score Distribution
Percent of People with Each Score
Percentile by Number Answered
Your Score History
You have not taken this quiz since the last reset